Sudha Murty (Record no. 370452)

MARC details
000 -LEADER
fixed length control field 00361nam a22001457a 4500
003 - CONTROL NUMBER IDENTIFIER
control field OSt
005 - DATE AND TIME OF LATEST TRANSACTION
control field 20260216155307.0
008 - FIXED-LENGTH DATA ELEMENTS--GENERAL INFORMATION
fixed length control field 260216b |||||||| |||| 00| 0 eng d
020 ## - INTERNATIONAL STANDARD BOOK NUMBER
International Standard Book Number 9780143451848
100 ## - MAIN ENTRY--PERSONAL NAME
Relator code Murty S.
245 ## - TITLE STATEMENT
Title Sudha Murty
Remainder of title Grand Parents Big of stories
260 ## - PUBLICATION, DISTRIBUTION, ETC. (IMPRINT)
Place of publication, distribution, etc. Haryana
Name of publisher, distributor, etc. Penguin Books
Date of publication, distribution, etc. 2020
300 ## - PHYSICAL DESCRIPTION
Extent 228pp.
942 ## - ADDED ENTRY ELEMENTS (KOHA)
Source of classification or shelving scheme Dewey Decimal Classification
Koha item type Books
Holdings
Withdrawn status Lost status Source of classification or shelving scheme Damaged status Not for loan Home library Current library Date acquired Total Checkouts Barcode Date last seen Bill Date Koha item type Original Barcode
    Dewey Decimal Classification     MKSSS s K.B. Joshi Institute of Information Technology Library MKSSS s K.B. Joshi Institute of Information Technology Library 16/12/2025   KBJP-D-634 16/02/2026 16/02/2026 Books 634